| 000 | 00552nam a2200157 4500 | ||
|---|---|---|---|
| 020 | _a978-970-686-776-6 | ||
| 050 | _aHD30.213 O9618 2008 | ||
| 082 | _a658.05 O99a 2008 | ||
| 100 | _aOz, Effy | ||
| 245 | _aAdministración de los Sistemas de Información / Effy Oz | ||
| 250 | _a5a ed | ||
| 260 | _aMéxico: Cengage Learning | ||
| 300 | _axxxi, 527p. / 27 cm. | ||
| 650 | _a1. TECNOLOGÍA DE LA INFORMACIÓN / 2. SISTEMAS DE INFORMACIÓN / 3. ADMINISTRACIÓN DE LOS RECURSOS DE ADMINISTRACIÓN | ||
| 700 | _aI. Martínez Sarmiento, Miguel Ángel Tr. | ||
| 999 |
_c24352 _d24352 |
||